6 to 1: Capital Quiz Stats

 Plays Quiz Updated Apr 23, 2018

Also try: 6 to 1: Africa
Challenge
Share
Tweet
Embed
Score 0/21 Timer 03:00
8 Plays Today
Answer % Correct
Oslo (Norway)
94.2%
London (England)
92.8%
Stockholm (Sweden)
89.7%
Copenhagen (Denmark)
83.7%
Sacramento (California)
81.9%
Edinburgh (Scotland)
80.4%
Belfast (Northern Ireland)
76.9%
Honolulu (Hawaii)
72.7%
Cardiff (Wales)
71.5%
Juneau (Alaska)
68.4%
Nairobi (Kenya)
67.3%
Answer % Correct
Port-au-Prince (Haiti)
66.8%
Salem (Oregon)
65.8%
Olympia (Washington)
65.3%
Santo Domingo (Dominican Republic)
53.6%
Astana (Kazakhstan)
53.2%
Bishkek (Kyrgyzstan)
47.4%
Kuwait City (Kuwait)
47.1%
Pristina (Kosovo)
38.7%
Kampala (Uganda)
31.3%
Tarawa (Kiribati)
22.4%

You're not logged in!

Compare scores with friends on all Sporcle quizzes.
Join for Free
OR
Log In

You Might Also Like...

Show Comments

Extras

Top Quizzes Today


Score Distribution

Your Account Isn't Verified!

In order to create a playlist on Sporcle, you need to verify the email address you used during registration. Go to your Sporcle Settings to finish the process.

Report this User

Report this user for behavior that violates our Community Guidelines.

Details: